One man a gainst Europe (Record no. 1015663)

MARC details
000 -LEADER
fixed length control field 00414nam a2200181Ia 4500
008 - FIXED-LENGTH DATA ELEMENTS--GENERAL INFORMATION
fixed length control field 151018s9999 xx 000 0 und d
082 ## - DEWEY DECIMAL CLASSIFICATION NUMBER
Item number RBASDV14255
Classification number 900
100 ## - MAIN ENTRY--PERSONAL NAME
Personal name -
245 ## - TITLE STATEMENT
Title One man a gainst Europe
250 ## - EDITION STATEMENT
Remainder of edition statement 1
260 ## - PUBLICATION, DISTRIBUTION, ETC. (IMPRINT)
Name of publisher, distributor, etc Penguin Books
Date of publication, distribution, etc 1937
300 ## - PHYSICAL DESCRIPTION
Extent 279
600 ## - SUBJECT ADDED ENTRY--PERSONAL NAME
Personal name -
630 ## - SUBJECT ADDED ENTRY--UNIFORM TITLE
Uniform title One man a gainst Europe
700 ## - ADDED ENTRY--PERSONAL NAME
Personal name -
730 ## - ADDED ENTRY--UNIFORM TITLE
Uniform title One man a gainst Europe
942 ## - ADDED ENTRY ELEMENTS (KOHA)
Koha item type Book
Holdings
Withdrawn status Lost status Damaged status Not for loan Home library Current library Date acquired Cost, normal purchase price Total Checkouts Full call number Barcode Date last seen Cost, replacement price Price effective from Koha item type
        R.B. Anant Shivaji Desai Vachanalaya and Granthalaya, Kudal R.B. Anant Shivaji Desai Vachanalaya and Granthalaya, Kudal 07/30/2009 15.00   RBASDV14255 RBASDV14255 10/18/2015 15.00 10/18/2015 Book